UM Logo
Normal view MARC view
  • Mishra, Santanu.

Entry Personal Name

Number of records used in: 1

001 - CONTROL NUMBER

  • control field: 51122

003 - CONTROL NUMBER IDENTIFIER

  • control field: OSt

005 - DATE AND TIME OF LATEST TRANSACTION

  • control field: 20240201142323.0

008 - FIXED-LENGTH DATA ELEMENTS

  • fixed length control field: 240201|| aca||aabn | a|a d

040 ## - CATALOGING SOURCE

  • Original cataloging agency: OSt
  • Transcribing agency: OSt

100 ## - HEADING--PERSONAL NAME

  • Personal name: Mishra, Santanu.
  • Relator term: author.

670 ## - SOURCE DATA FOUND

  • Source citation: Work cat.: (OSt): Dey, Saikat. author. 51120, A mathematical design approach to volumetric optimization of EMI filter and modeling of CM noise sources in a three-phase PFC /, January 2022.